000 00320nam a2200133Ia 4500
008 230818s1987 xx 000 0 und d
041 _aeng
100 _aLillian Hogaland
245 _aFood Chemistry
260 _bC.B.S.Publication
_c1987
300 _a385p
520 _aGeneral | Hard Board
999 _c853921
_d853921
650 _aFood Safety